Intellectual life in America: a history (Record no. 493225)

000 -LEADER
fixed length control field 00347cam a22001217a 4500
008 - FIXED-LENGTH DATA ELEMENTS--GENERAL INFORMATION
fixed length control field 180718b1988 xxu||||| |||| 00| 0 eng d
082 ## - DEWEY DECIMAL CLASSIFICATION NUMBER
Classification number B12x73 P775
100 ## - MAIN ENTRY--PERSONAL NAME
Personal name Perry, Lewis
245 ## - TITLE STATEMENT
Title Intellectual life in America: a history
Statement of responsibility, etc. by Lewis Perry
260 ## - PUBLICATION, DISTRIBUTION, ETC.
Place of publication, distribution, etc. New Delhi
Name of publisher, distributor, etc. Asian
Date of publication, distribution, etc. 1988
300 ## - PHYSICAL DESCRIPTION
Extent 461p.
650 ## - SUBJECT ADDED ENTRY--TOPICAL TERM
Topical term or geographic name entry element United States-Intellectual life
Holdings
Withdrawn status Lost status Damaged status Not for loan Permanent Location Current Location Date acquired Full call number Barcode Date last seen Price effective from Koha item type
        Indian Institute of Public Administration Indian Institute of Public Administration 2018-08-04 B12x73 P775 GR17417 2018-08-04 2018-08-04 GR

Powered by Koha